Слушать и услышать: пособие по аудированию для изучающих русский язык как неродной: базовый уровень (А2)/ В. С. Ермаченкова: пособие по аудированию для изучающих русский язык как неродной: базовый уровень (А2)

Bibliografiske detaljer
Hovedforfatter: Ермаченкова В. С.
Summary:Цель пособия — формирование и развитие умений восприятия на слух русской разговорной речи, ускорение языковой и речевой адаптации, расширение умений учащихся в области письма и говорения, подготовка к сдаче Государственного теста в объеме «Программы по русскому языку как иностранному». Уроки пособия состоят из двух частей: упражнения для учащихся и контрольные материалы. Такое построение дает возможность использовать это пособие как на уроках русского языка под руководством преподавателя, так и для самостоятельной работы. Структура урока такова: от фонемы — к слогу, от слога — к слову, от слова — к словосочетанию, от словосочетания — к предложению, от предложения — к тексту. Пособие предназначено для обучения русскому языку самого широкого круга иностранных учащихся и совершенствования их знаний и умений. Рекомендуется использовать с пособием по лексике и разговорной практике «Слово» того же автора.
Sprog:russisk
Udgivet: Санкт-Петербург, Златоуст, 2010
Udgivelse:4-е изд.
Fag:
Format: MixedMaterials
KOHA link:https://koha.lib.tpu.ru/cgi-bin/koha/opac-detail.pl?biblionumber=229295

MARC

LEADER 00000nmm0a2200000 4500
001 229295
005 20231101230931.0
010 |a 9785865473921 
035 |a (RuTPU)RU\TPU\book\249895 
035 |a RU\TPU\book\139367 
090 |a 229295 
100 |a 20130110d2010 m y0rusy50 ca 
101 0 |a rus 
102 |a RU 
105 |a y j 000zy 
200 1 |a Слушать и услышать: пособие по аудированию для изучающих русский язык как неродной: базовый уровень (А2)/ В. С. Ермаченкова  |e пособие по аудированию для изучающих русский язык как неродной: базовый уровень (А2)  |f В. С. Ермаченкова 
205 |a 4-е изд. 
210 |a Санкт-Петербург  |c Златоуст  |d 2010 
215 |a 112 с.  |e CD-ROM 
330 |a Цель пособия — формирование и развитие умений восприятия на слух русской разговорной речи, ускорение языковой и речевой адаптации, расширение умений учащихся в области письма и говорения, подготовка к сдаче Государственного теста в объеме «Программы по русскому языку как иностранному». Уроки пособия состоят из двух частей: упражнения для учащихся и контрольные материалы. Такое построение дает возможность использовать это пособие как на уроках русского языка под руководством преподавателя, так и для самостоятельной работы. Структура урока такова: от фонемы — к слогу, от слога — к слову, от слова — к словосочетанию, от словосочетания — к предложению, от предложения — к тексту. Пособие предназначено для обучения русскому языку самого широкого круга иностранных учащихся и совершенствования их знаний и умений. Рекомендуется использовать с пособием по лексике и разговорной практике «Слово» того же автора. 
606 1 |a Русский язык  |x Для других народов  |x Учебные руководства и пособия  |2 stltpush  |3 (RuTPU)RU\TPU\subj\26400  |9 50340 
610 1 |a русский язык 
610 1 |a русский язык как иностранный 
610 1 |a лексика 
610 1 |a аудирование 
610 1 |a устная речь 
610 1 |a упражнения 
610 1 |a учебные пособия 
610 1 |a CD-ROM 
610 1 |a русский для иностранцев 
686 |a Ш141.2-96  |v LBC/SL-A  |2 rubbk 
700 1 |a Ермаченкова  |b В. С. 
801 1 |a RU  |b 63413507  |c 20080114  |g PSBO 
801 2 |a RU  |b 63413507  |c 20170621  |g PSBO 
942 |c MX 
959 |a 107/20150901  |d 10  |e 0  |f ЧЗИЛ:1